LEADER 01430cam0-22004451i-450- 001 990006899630403321 005 20111205092700.0 010 $a88-06-14691-2 035 $a000689963 035 $aFED01000689963 035 $a(Aleph)000689963FED01 035 $a000689963 100 $a20010426d1999----km-y0itay50------ba 101 1 $aita$cfre 102 $aIT 105 $ay-------001yy 200 1 $aStoria economica e sociale del mondo$evittorie e insuccessi dal 16. secolo a oggi$fPaul Bairoch 210 $aTorino$cEinaudi$dc1999 215 $a2 v.$d22 cm 225 1 $aBiblioteca di cultura storica$v223 300 $aTraduzione di Piero Arlorio 454 0$12001$aVictoires et déboires$ehistoire économique et sociale du monde du XVI siècle à nos jours$1210$aParis$d1997$923125 610 0 $aStoria sociale$aSec. 16.-20. 676 $a330.903 700 1$aBairoch,$bPaul$f<1930-1999>$044545 801 0$aIT$bUNINA$gRICA$2UNIMARC 901 $aBK 912 $a990006899630403321 952 $aSTSE42A(1)$b20198$fDECBC 952 $aSTSE42A(2)$b20198$fDECBC 952 $aSTSE42B(1)$b20199$fDECBC 952 $aSTSE42B(2)$b20199$fDECBC 952 $aCOLLEZ. 77 (223)$b34728$fFSPBC 952 $aSE 113.04.13-1$b2091aD$fDECSE 952 $aSE 113.04.13-2$b2091bD$fDECSE 959 $aFSPBC 959 $aDECBC 959 $aDECSE 996 $aVictoires et déboires$923125 997 $aUNINA LEADER 01023nam--2200361---450- 001 990001876710203316 005 20090430151641.0 035 $a000187671 035 $aUSA01000187671 035 $a(ALEPH)000187671USA01 035 $a000187671 100 $a20040726d1985----km-y0itay0103----ba 101 0 $aita 102 $aIT 105 $a||||||||001yy 200 1 $aEconomia politica$eper la terza e quarta classe degli istituti commerciali$fAntonino Romeo 210 $aBresso$cTramontana$d1985 215 $a731 p.$d19 cm 410 0$12001 454 1$12001 461 1$1001-------$12001 606 0 $aEconomia$xTeorie$yManuali 676 $a330.07 700 1$aROMEO,$bAntonino$070885 801 0$aIT$bsalbc$gISBD 912 $a990001876710203316 951 $a330.07 ROM 1 (XV F 17)$b22345 L.M.$cXV F$d00207797 959 $aBK 969 $aECO 979 $aSIAV6$b10$c20040726$lUSA01$h1910 979 $aRSIAV3$b90$c20090430$lUSA01$h1516 996 $aEconomia politica$9896004 997 $aUNISA